| 000 | 00424nam a2200169Ia 4500 | ||
|---|---|---|---|
| 003 | GCL | ||
| 008 | 140319s9999 xx 000 0 eng d | ||
| 040 |
_aGCL / _cGCL |
||
| 082 | 0 | 4 |
_a792.028092 _bP N |
| 100 | 1 | _aPISK, LITZ | |
| 245 | 1 | 0 |
_aTHE ACTOR AND HIS BODY / _cPISK, LITZ |
| 700 | 1 | _aPERFORMING ART | |
| 260 |
_a[S.N] : _bVIRGIN BOOKS ، _c1990 |
||
| 300 | _a95 P P | ||
| 650 | 0 | 4 | _aPERFORMANCE ART |
| 942 |
_2ddc _cBK |
||
| 999 |
_c17628 _d17628 |
||